=LDR 00000nam 2200000 4500 =001 INLIS000000000003861 =005 20130612092151 =008 ***********************************Ind** =035 ##$$0010-061300000003861 =041 ##$$a Ind =082 ##$$a 538.2 =090 ##$$a 538.2, Wha p =100 ##$$a Whalley, Margareth =245 ##$$a Percobaan dengan kemagnetandan kelistrikan, Margareth Whalley =260 ##$$a 1995 $b Semarang =300 ##$$a 31 hlm., ilus., 28 cm =650 ##$$a Magnet =850 ##$$a NBPNMAT